MIL AÑOS DE POESIA ESPAÑOLA | CASI UNAS MEMORIAS (Record no. 39912)
[ view plain ]
| 000 -CABECERA | |
|---|---|
| campo de control de longitud fija | 00735nam a2200313Ia 4500 |
| 001 - NÚMERO DE CONTROL | |
| campo de control | 28336 |
| 005 - FECHA Y HORA DE LA ÚLTIMA TRANSACCIÓN | |
| campo de control | 20260407082800.0 |
| 008 - CÓDIGOS DE INFORMACIÓN DE LONGITUD FIJA | |
| campo de control de longitud fija | 260115s9999 xx 000 0 und d |
| 010 ## - NÚMERO DE CONTROL DE LA BIBLIOTECA DEL CONGRESO | |
| Número de control de LC | 39912 |
| 035 ## - NÚMERO DE CONTROL DEL SISTEMA | |
| Número de control de sistema | 18616 |
| 090 ## - LOCALMENTE ASIGNADO TIPO-LC NÚMERO DE CLASIFICACIÓN (OCLC); NÚMERO DE CLASIFICACIÓN LOCAL (RLIN) | |
| Número de clasificación (OCLC) (R) ; Numero de clasificación CALL (RLIN) (NR) | 82´2 |
| 001 - NÚMERO DE CONTROL | |
| campo de control | 10726 |
| 008 - CÓDIGOS DE INFORMACIÓN DE LONGITUD FIJA | |
| campo de control de longitud fija | 260115s9999 xx 000 0 und d |
| 035 ## - NÚMERO DE CONTROL DEL SISTEMA | |
| Número de control de sistema | 7813 |
| 090 ## - LOCALMENTE ASIGNADO TIPO-LC NÚMERO DE CLASIFICACIÓN (OCLC); NÚMERO DE CLASIFICACIÓN LOCAL (RLIN) | |
| Número de clasificación (OCLC) (R) ; Numero de clasificación CALL (RLIN) (NR) | 9(46) |
| 100 ## - PUNTO DE ACCESO PRINCIPAL - NOMBRE DE PERSONA | |
| Nombre de persona | RICO FRANCISCO |
| 100 ## - PUNTO DE ACCESO PRINCIPAL - NOMBRE DE PERSONA | |
| Nombre de persona | RIDRUEJO DIONISIO |
| 245 #0 - MENCIÓN DE TÍTULO | |
| Título | MIL AÑOS DE POESIA ESPAÑOLA |
| 260 ## - PUBLICACIÓN, DISTRIBUCIÓN, ETC. (PIE DE IMPRENTA) | |
| Nombre del editor distribuidor etc. | PLANETA |
| Fecha de publicación distribución etc. | 2001 |
| 245 #0 - MENCIÓN DE TÍTULO | |
| Título | CASI UNAS MEMORIAS |
| 260 ## - PUBLICACIÓN, DISTRIBUCIÓN, ETC. (PIE DE IMPRENTA) | |
| Lugar de publicación distribución etc. | BARCELONA |
| Nombre del editor distribuidor etc. | PLANETA |
| Fecha de publicación distribución etc. | 1976 |
| 300 ## - DESCRIPCIÓN FÍSICA | |
| Dimensiones | 20 CM |
| 300 ## - DESCRIPCIÓN FÍSICA | |
| Dimensiones | 20 CM |
| 630 ## - PUNTO DE ACCESO ADICIONAL DE MATERIA--TÍTULO UNIFORME | |
| Título uniforme | LITERATURA |
| 650 ## - PUNTO DE ACCESO ADICIONAL DE MATERIA--TÉRMINO DE MATERIA | |
| Término de materia o nombre geográfico como elemento inicial | POESIA |
| 630 ## - PUNTO DE ACCESO ADICIONAL DE MATERIA--TÍTULO UNIFORME | |
| Título uniforme | HISTORIA GENERAL |
| 650 ## - PUNTO DE ACCESO ADICIONAL DE MATERIA--TÉRMINO DE MATERIA | |
| Término de materia o nombre geográfico como elemento inicial | HISTORIA DE ESPAÑA |
| 942 ## - ELEMENTOS DE PUNTO DE ACCESO ADICIONAL (KOHA) | |
| Tipo de ítem Koha | Monografías |
| Estado de retiro | Estado de pérdida | Estado dañado | No para préstamo | Código de colección | Localización permanente | Ubicación/localización actual | Fecha de adquisición | Total de préstamos | Signatura topográfica completa | Código de barras | Fecha visto por última vez | Número de copia | Precio válido a partir de | Tipo de ítem Koha | Nota pública |
|---|---|---|---|---|---|---|---|---|---|---|---|---|---|---|---|
| Servicio de Estudios Históricos | Servicio de Estudios Históricos | 21/10/2003 | 82´2 | 25076 | 05/02/2026 | 1 | 05/02/2026 | Monografías | 20 CM, 114 PG, 23,44€ BARCELONA |
